Logo Biblioteca

Actitud Provocadora (Registro nro. 170)

Detalles MARC
000 -LEADER
fixed length control field 01211nam a22001577a 4500
003 - CONTROL NUMBER IDENTIFIER
control field OSt
005 - DATE AND TIME OF LATEST TRANSACTION
control field 20231226094816.0
008 - FIXED-LENGTH DATA ELEMENTS--GENERAL INFORMATION
fixed length control field 231226s2007 ag ||||| |||| 00| 0 spa d
040 ## - CATALOGING SOURCE
Transcribing agency besoc
100 ## - MAIN ENTRY--PERSONAL NAME
Personal name Kenyon, Sherrilyn
Relator term autor
245 ## - TITLE STATEMENT
Title Actitud Provocadora
Remainder of title Serie Agente Secretos 1
Statement of responsibility, etc. Sherrilyn Kenyon
260 ## - PUBLICATION, DISTRIBUTION, ETC.
Place of publication, distribution, etc. Barcelona
Name of publisher, distributor, etc. Libros del Atril
Date of publication, distribution, etc. 2007
300 ## - PHYSICAL DESCRIPTION
Extent 299 p.
520 ## - SUMMARY, ETC.
Summary, etc. La agente Sydney Westbrook debe encontrar al asesino perfecto para realizar una misión de contraterrorismo. J.D. Stelle, un agente de las fuerzas especiales americanas cuya actitud contestataria lo obligó a permanecer en prisión durante una temporada parece el candidato ideal. Aunque Sydney ha estudiado a conciencia el currículum de Steele, lo que sabe sobre el atractivo agente es más bien poco; los dos pertenecen al mundo secreto de los espías y cualquier información de más puede poner en peligro la vida y la misión del agente. Por ello Sydney tarda en descubrir que tras la fachada altiva y arrogante de Steele se esconde un hombre que ni siquiera él reconoce y que, contra todo pronóstico, estará dispuesto a arriesgar su vida por salvar la de la única mujer a la que ha amado. <br/>
942 ## - ADDED ENTRY ELEMENTS (KOHA)
Source of classification or shelving scheme Universal Decimal Classification
Koha item type Libro de préstamo a domicilio
Suppress in OPAC No

No hay ítems disponibles.

Biblioteca de la Escuela Preuniversitaria en Ciencias Sociales y Humanísticas.
Riobamba 250 bis.
CP 2000 - Rosario - Santa Fe
E-Mail: biblioteca@esociales.unr.edu.ar